000 01322cam a22001814a 4500
005 20250605164209.0
008 250528s ||||||||||||||||||||||||d
035 _a20176
040 _aGR-AtMCL
_bgre
_dGR-AtMCL
_eAACR2
245 1 _aΕισαγωγή στην Πολιτική Επιστήμη / Πανεπιστημιακές Παραδόσεις
260 _bΑθήνα 1989,
_c1989
300 _a200
520 _aΗ έννοια της Πολιτικης, Η Ιστορική Συγκρότηση του Αντικειμένου των Κοινωνικών Επιστημών και η Πολιτική, Το Αξιολογικό Στοιχείο στην Πολιτική Θεωρία της Αστικής Κοινωνίας, Η Έννοια της Δημοκρατίας στις Θεωρίες του Φιλελευθερισμού και του Ωφελιμισμού και του Μαρξισμού, Η Κρίση του Κλασσικού Φιλελεύθερου Συστήματος Διακυβέρνησης και η Εξέλιξη προς το Σύγχρονο Κράτος, Από την Κλασσική στην Σύγχρονη Θεωρία της Δημοκρατίας, Βιβλιογραφία.
700 1 _aΨυχοπαίδης Κ
_96226
942 _cBK
999 _c5313
_d5313